Digitální nástroje a jejich využití pro marketingový výzkum
Nástroje analyzujúce dáta o spotrebiteľoch, konkurencii a trhových trendoch. Google Trends, PPC reklama, analýza objemu hľadanosti kľúčových slov, AnswerThePublic, SimilarWeb a Google Analytics. Google Alerts a ChatGPT.
Salvato in:
| Autore principale: | |
|---|---|
| Altri autori: | |
| Natura: | Capitolo di libro |
| Lingua: | ceco |
| Soggetti: | |
| Tags: |
Nessun Tag, puoi essere il primo ad aggiungerne!!
|
MARC
| LEADER | 00000naa a2200000 4500 | ||
|---|---|---|---|
| 001 | 0305995 | ||
| 005 | 20250109120220.9 | ||
| 041 | 0 | |a cze | |
| 044 | |a CZ | ||
| 245 | 1 | 0 | |a Digitální nástroje a jejich využití pro marketingový výzkum |c Jan Mareš, Ondřej Pešek |
| 520 | |a Nástroje analyzujúce dáta o spotrebiteľoch, konkurencii a trhových trendoch. Google Trends, PPC reklama, analýza objemu hľadanosti kľúčových slov, AnswerThePublic, SimilarWeb a Google Analytics. Google Alerts a ChatGPT. | ||
| 610 | 2 | 0 | |a marketing |
| 610 | 2 | 0 | |a nástroje marketingové |
| 610 | 2 | 0 | |a výskum marketingový |
| 100 | 1 | |a Mareš, Jan | |
| 700 | 1 | |a Pešek, Ondřej | |